header

Air and sea power in World War I (Record no. 9106)

MARC details
000 -LEADER
fixed length control field 01559nam a2200373 a 4500
001 - CONTROL NUMBER
control field ebr10695818
003 - CONTROL NUMBER IDENTIFIER
control field CaPaEBR
006 - FIXED-LENGTH DATA ELEMENTS--ADDITIONAL MATERIAL CHARACTERISTICS--GENERAL INFORMATION
fixed length control field m u
007 - PHYSICAL DESCRIPTION FIXED FIELD--GENERAL INFORMATION
fixed length control field cr cn|||||||||
008 - FIXED-LENGTH DATA ELEMENTS--GENERAL INFORMATION
fixed length control field 130513s2013 enk sb 001 0 eng d
020 ## - INTERNATIONAL STANDARD BOOK NUMBER
Cancelled/invalid ISBN 9781780761510
Cancelled/invalid ISBN 9780857721822 (e-book)
040 ## - CATALOGING SOURCE
Original cataloging agency CaPaEBR
Transcribing agency CaPaEBR
035 ## - SYSTEM CONTROL NUMBER
System control number (OCoLC)846979910
043 ## - GEOGRAPHIC AREA CODE
Geographic area code e-uk---
050 14 - LIBRARY OF CONGRESS CALL NUMBER
Classification number D521
Item number .P45 2013eb
082 04 - DEWEY DECIMAL CLASSIFICATION NUMBER
Classification number 940.44941
Edition number 23
100 1# - MAIN ENTRY--PERSONAL NAME
Personal name Philpott, Maryam.
245 10 - TITLE STATEMENT
Title Air and sea power in World War I
Medium [electronic resource] :
Remainder of title combat and experience in the Royal Flying Corps and the Royal Navy /
Statement of responsibility, etc Maryam Philpott.
260 ## - PUBLICATION, DISTRIBUTION, ETC. (IMPRINT)
Place of publication, distribution, etc London ;
-- New York :
Name of publisher, distributor, etc I.B.Tauris,
Date of publication, distribution, etc 2013.
300 ## - PHYSICAL DESCRIPTION
Extent ix, 258 p.
490 1# - SERIES STATEMENT
Series statement International library of war studies ;
Volume number/sequential designation v. 19
504 ## - BIBLIOGRAPHY, ETC. NOTE
Bibliography, etc Includes bibliographical references and index.
533 ## - REPRODUCTION NOTE
Type of reproduction Electronic reproduction.
Place of reproduction Palo Alto, Calif. :
Agency responsible for reproduction ebrary,
Date of reproduction 2013.
Note about reproduction Available via World Wide Web.
-- Access may be limited to ebrary affiliated libraries.
610 10 - SUBJECT ADDED ENTRY--CORPORATE NAME
Corporate name or jurisdiction name as entry element Great Britain.
Subordinate unit Royal Flying Corps.
Corporate name or jurisdiction name as entry element Great Britain.
Subordinate unit Royal Navy.
650 #0 - SUBJECT ADDED ENTRY--TOPICAL TERM
Topical term or geographic name as entry element World War, 1914-1918
General subdivision Aerial operations, British.
Topical term or geographic name as entry element World War, 1914-1918
General subdivision Naval operations, British.
651 #0 - SUBJECT ADDED ENTRY--GEOGRAPHIC NAME
Geographic name Great Britain
General subdivision History, Naval
Chronological subdivision 20th century.
655 #7 - INDEX TERM--GENRE/FORM
Genre/form data or focus term Electronic books.
Source of term local
710 2# - ADDED ENTRY--CORPORATE NAME
Corporate name or jurisdiction name as entry element ebrary, Inc.
830 #0 - SERIES ADDED ENTRY--UNIFORM TITLE
Uniform title International library of war studies ;
Volume number/sequential designation v. 19.
856 40 - ELECTRONIC LOCATION AND ACCESS
Uniform Resource Identifier <a href="http://site.ebrary.com/lib/rucke/Doc?id=10695818">http://site.ebrary.com/lib/rucke/Doc?id=10695818</a>
Public note An electronic book accessible through the World Wide Web; click to view

No items available.

© 2026 Rongo University
Contact us: librarian | system librarian | Rongo university